Bytový dom

Gespeichert in:
Bibliographische Detailangaben
1. Verfasser: Takács, Gergely (Verfasst von)
Weitere Verfasser: Piatka, Jaroslav (Betreuung Doktorarbeit)
Format: Manuskript Buch
Sprache:Slowakisch
Veröffentlicht: 2016
Schlagworte:
Online-Zugang:http://is.stuba.sk/zp/portal_zp.pl?podrobnosti=116398
https://opac.crzp.sk/?fn=detailBiblioForm&sid=B0ECE52FE577B8B957C36BE96922
Tags: Tag hinzufügen
Keine Tags, Fügen Sie das erste Tag hinzu!

MARC

LEADER 00000ntm a22000003a 4500
001 stuzp52548
003 SK-STU
005 20230719160949.8
007 ta
008 150427s2015----xo-----f-mn---000-0-slo-d
040 |a STU  |b slo 
041 0 |a slo 
100 1 |a Takács, Gergely  |u 010270  |4 aut  |U SvF Stavebná fakulta  |T SvF Katedra technológie stavieb  |X 55555  |U V270  |Y 28  |7 55555 
242 0 1 |a Flat house  |y eng 
245 1 0 |a Bytový dom 
260 |c 2016 
650 4 |a keramického  |2 slo 
650 4 |a realizáciu  |2 slo 
650 4 |a stropu  |2 slo 
650 4 |a ceramic  |2 eng 
650 4 |a ceiling  |2 eng 
650 4 |a construction  |2 eng 
700 1 |a Piatka, Jaroslav  |u 010270  |k Z8  |4 ths  |U SvF Stavebná fakulta  |T SvF Katedra technológie stavieb  |X 12146  |U V270  |Y 28  |7 A000012146 
856 4 |u http://is.stuba.sk/zp/portal_zp.pl?podrobnosti=116398 
856 4 |u https://opac.crzp.sk/?fn=detailBiblioForm&sid=B0ECE52FE577B8B957C36BE96922 
SQL |a stuzp52548  |b DBP  |c SLO  |d Bytový dom  |e 55555  |f Takács, Gergely  |g 010270  |h 12146  |i Piatka, Jaroslav  |j 20160621  |k 6  |l 01  |m http://is.stuba.sk/zp/portal_zp.pl?podrobnosti=116398  |n B-TMS  |o 5.2.8. stavebníctvo